[Event "Frankfurt-chA"]
[Site "Frankfurt"]
[Date "2019.06.03"]
[Round "6"]
[White "Drill, Frank J"]
[Black "Krueger, Till"]
[Result "1/2-1/2"]
[WhiteElo "2052"]
[BlackElo "1887"]
[PlyCount "61"]
[EventDate "2019.04.29"]
[EventType "swiss"]
[EventRounds "7"]
[EventCountry "GER"]
[SourceTitle "EXT 2020"]
[Source "ChessBase"]
[SourceDate "2019.10.17"]
[SourceVersion "1"]
[SourceVersionDate "2019.10.17"]
[SourceQuality "1"]

1. e4 d6 2. d4 Nf6 3. Nc3 e5 4. f4 exd4 5. Qxd4 Nc6 6. Qd1 Be7 7. Nf3 0-0 8. Bd3 Re8 9. 0-0 Bf8 10. Qe1 Nb4 11. Qh4 Nxd3 12. cxd3 c6 13. Kh1 d5 14. f5 Nd7 15. Qg3 f6 16. Bf4 Nc5 17. Rad1 Na6 18. Qh3 d4 19. Ne2 g5 20. Qg3 Kh8 21. Nxg5 fxg5 22. Bxg5 Qc7 23. Qh4 Qf7 24. Rf3 Be7 25. Rg3 Bxg5 26. Rxg5 Rg8 27. Rxg8+ Kxg8 28. Qd8+ Kg7 29. Qg5+ Kf8 30. Qd8+ Kg7 31. Qg5+ 1/2-1/2

[Event "Frankfurt-chA"]
[Site "Frankfurt"]
[Date "2019.05.20"]
[Round "4"]
[White "Schwenkreis, Thomas"]
[Black "Krueger, Till"]
[Result "1-0"]
[WhiteElo "1995"]
[BlackElo "1887"]
[PlyCount "107"]
[EventDate "2019.04.29"]
[EventType "swiss"]
[EventRounds "7"]
[EventCountry "GER"]
[SourceTitle "EXT 2020"]
[Source "ChessBase"]
[SourceDate "2019.10.17"]
[SourceVersion "1"]
[SourceVersionDate "2019.10.17"]
[SourceQuality "1"]

1. e4 d6 2. d4 Nf6 3. Nc3 e5 4. d5 c6 5. Bg5 Be7 6. Qd2 Nxd5 7. Bxe7 Nxe7 8. 0-0-0 0-0 9. Qxd6 Qxd6 10. Rxd6 Be6 11. Nf3 Nc8 12. Rd2 f6 13. Be2 Nb6 14. b3 a5 15. Rhd1 N8d7 16. Nh4 g6 17. g3 Kf7 18. f4 Ke7 19. f5 gxf5 20. exf5 Bd5 21. Nxd5+ cxd5 22. Bb5 Nc5 23. Kb2 Ne4 24. Re2 Rac8 25. c4 Nd6 26. Nf3 Rfd8 27. Nxe5 fxe5 28. Rxe5+ Kf7 29. Re6 Na8 30. Rxd5 Nxf5 31. Ree5 Ne7 32. Rd7 Rxd7 33. Bxd7 Rd8 34. Bg4 Nc6 35. Rb5 b6 36. Bf3 Nd4 37. Rd5 Rxd5 38. Bxd5+ Kf6 39. Bxa8 Kg5 40. Kc3 Ne2+ 41. Kd2 Nd4 42. Be4 h5 43. Ke3 Ne6 44. a3 Nc5 45. b4 axb4 46. axb4 Na6 47. b5 Nc5 48. Bf3 Na4 49. h4+ Kg6 50. Kd4 Nc5 51. Kd5 Na4 52. Kc6 Kh6 53. Bd1 Nb2 54. Bb3 1-0

[Event "Hofheim Spring op 7th"]
[Site "Hofheim"]
[Date "2019.04.26"]
[Round "7"]
[White "Hacker, Jonas"]
[Black "Krueger, Till"]
[Result "1-0"]
[WhiteElo "2392"]
[BlackElo "1929"]
[PlyCount "27"]
[EventDate "2019.04.23"]
[EventType "swiss"]
[EventRounds "9"]
[EventCountry "GER"]
[SourceTitle "CBM 190 Extra"]
[Source "ChessBase"]
[SourceDate "2019.07.15"]
[SourceVersion "1"]
[SourceVersionDate "2019.07.15"]
[SourceQuality "1"]

1. e4 d6 2. d4 Nf6 3. Nc3 e5 4. Nf3 Nbd7 5. Bc4 Be7 6. a4 exd4 7. Qxd4 a5 8. Bxf7+ Kxf7 9. Ng5+ Kg8 10. Qc4+ d5 11. Nxd5 Ne5 12. Nxf6+ Kf8 13. Ngxh7+ Rxh7 14. Qg8# 1-0

[Event "Hofheim Spring op 7th"]
[Site "Hofheim"]
[Date "2019.04.23"]
[Round "1"]
[White "Krueger, Till"]
[Black "Weber, Samuel"]
[Result "0-1"]
[WhiteElo "1929"]
[BlackElo "2126"]
[PlyCount "52"]
[EventDate "2019.04.23"]
[EventType "swiss"]
[EventRounds "9"]
[EventCountry "GER"]
[SourceTitle "CBM 190 Extra"]
[Source "ChessBase"]
[SourceDate "2019.07.15"]
[SourceVersion "1"]
[SourceVersionDate "2019.07.15"]
[SourceQuality "1"]

1. e4 e5 2. Nf3 Nc6 3. Nc3 Nf6 4. d4 exd4 5. Nxd4 Bb4 6. Nxc6 bxc6 7. Bd3 d5 8. exd5 cxd5 9. 0-0 0-0 10. h3 c6 11. Qf3 Re8 12. Bg5 h6 13. Bh4 Rb8 14. Rfe1 Be7 15. b3 Be6 16. Ne2 Rb4 17. Bg3 Nd7 18. c3 Rb6 19. Nd4 Bf6 20. Nxe6 fxe6 21. Bg6 Rf8 22. Rxe6 Bg5 23. Rae1 Rxf3 24. gxf3 Nf8 25. Re8 Qf6 26. R1e6 Qxe6 0-1

[Event "Sao Martinho do Porto op 1st"]
[Site "Sao Martinho do Porto"]
[Date "2018.09.15"]
[Round "1"]
[White "Oliveira, Fernando Alves"]
[Black "Krueger, Till"]
[Result "0-1"]
[WhiteElo "1586"]
[BlackElo "1948"]
[PlyCount "58"]
[EventDate "2018.09.15"]
[EventType "swiss"]
[EventRounds "9"]
[EventCountry "POR"]
[SourceTitle "CBM 186 Extra"]
[Source "ChessBase"]
[SourceDate "2018.08.24"]
[SourceVersion "1"]
[SourceVersionDate "2018.08.24"]
[SourceQuality "1"]

1. d4 d6 2. Bf4 Nf6 3. e3 g6 4. h3 Bg7 5. Be2 0-0 6. Nf3 c5 7. c3 Qb6 8. Qb3 Nc6 9. Nbd2 Re8 10. 0-0 Be6 11. Qc2 cxd4 12. Nxd4 Nxd4 13. exd4 Rac8 14. Nb3 a5 15. Be3 Nd5 16. Qd2 a4 17. Nc1 a3 18. Rb1 Nxc3 19. bxc3 Qxb1 20. Nd3 Qxa2 21. Nb4 Qxd2 22. Bxd2 Ra8 23. Bf3 a2 24. Ra1 Ra3 25. Bxb7 Rb8 26. Nc2 Rb3 27. Be4 Rb1+ 28. Kh2 Rxa1 29. Nxa1 Rb1 0-1

[Event "Hessen-chA"]
[Site "Frankfurt"]
[Date "2018.05.12"]
[Round "5"]
[White "Scallan, Fiachra"]
[Black "Krueger, Till"]
[Result "1/2-1/2"]
[WhiteElo "1949"]
[BlackElo "1989"]
[PlyCount "48"]
[EventDate "2018.05.10"]
[EventType "swiss"]
[EventRounds "7"]
[EventCountry "GER"]
[SourceTitle "EXT 2019"]
[Source "ChessBase"]
[SourceDate "2018.10.10"]
[SourceVersion "1"]
[SourceVersionDate "2018.10.10"]
[SourceQuality "1"]

1. e4 d6 2. d4 Nf6 3. Nc3 e5 4. dxe5 dxe5 5. Qxd8+ Kxd8 6. Bc4 Be6 7. Bxe6 fxe6 8. Be3 Bd6 9. 0-0-0 Ke7 10. Nf3 a6 11. h3 Nbd7 12. Nd2 b5 13. Rhe1 h6 14. f3 Nb6 15. Nb3 b4 16. Ne2 Nc4 17. Bf2 Nd7 18. Nd2 Ndb6 19. Nxc4 Nxc4 20. Ng3 a5 21. Nf1 a4 22. Nd2 Na5 23. b3 axb3 24. axb3 Ra6 1/2-1/2

[Event "Frankfurt-chA"]
[Site "Frankfurt"]
[Date "2018.05.07"]
[Round "2"]
[White "Krueger, Till"]
[Black "Thomele, Michael"]
[Result "1-0"]
[WhiteElo "1956"]
[BlackElo "1789"]
[PlyCount "65"]
[EventDate "2018.04.30"]
[EventType "swiss"]
[EventRounds "7"]
[EventCountry "GER"]
[SourceTitle "EXT 2019"]
[Source "ChessBase"]
[SourceDate "2018.10.10"]
[SourceVersion "1"]
[SourceVersionDate "2018.10.10"]
[SourceQuality "1"]

1. e4 c5 2. Nf3 d6 3. Bb5+ Bd7 4. Bxd7+ Qxd7 5. c4 Nf6 6. Nc3 Nc6 7. d4 cxd4 8. Nxd4 g6 9. f3 Bg7 10. Be3 0-0 11. 0-0 Rfd8 12. Qd2 Rac8 13. b3 b6 14. Rad1 Qb7 15. Rfe1 Re8 16. Re2 Rcd8 17. Nxc6 Qxc6 18. Nd5 Qb7 19. Bg5 b5 20. Rc1 bxc4 21. Rxc4 Nxd5 22. exd5 Bf6 23. h4 h5 24. Rce4 Rf8 25. g4 hxg4 26. Rxg4 Qd7 27. Reg2 Qf5 28. Bxf6 Qxf6 29. h5 Rc8 30. Qh6 Qa1+ 31. Kh2 Rc1 32. Rxg6+ fxg6 33. Qxg6+ 1-0

[Event "Hofheim Spring op 6th"]
[Site "Hofheim"]
[Date "2018.04.06"]
[Round "6"]
[White "Krueger, Till"]
[Black "Sarvadh, Sathiaram"]
[Result "0-1"]
[WhiteElo "1989"]
[BlackElo "2022"]
[PlyCount "84"]
[EventDate "2018.04.03"]
[EventType "swiss"]
[EventRounds "9"]
[EventCountry "GER"]
[SourceTitle "CBM 183 Extra"]
[Source "ChessBase"]
[SourceDate "2018.04.19"]
[SourceVersion "1"]
[SourceVersionDate "2018.04.19"]
[SourceQuality "1"]

1. e4 e6 2. d4 d5 3. exd5 exd5 4. Nf3 Bd6 5. c4 Nf6 6. Nc3 0-0 7. cxd5 Bb4 8. a3 Re8+ 9. Be2 Bxc3+ 10. bxc3 Nxd5 11. Qc2 Qe7 12. c4 Bf5 13. Qb2 Bd3 14. 0-0 Qxe2 15. Qxe2 Bxe2 16. cxd5 Bxf1 17. Kxf1 Rd8 18. Rb1 b6 19. Bf4 Rxd5 20. Bxc7 Nc6 21. Rc1 Ne7 22. Re1 Rd7 23. Bg3 f6 24. Ke2 Nf5 25. Kd3 Rad8 26. Re4 Nxg3 27. hxg3 Kf7 28. g4 g5 29. Nd2 Re7 30. f3 b5 31. Nb3 Rc8 32. Nc5 Rxe4 33. fxe4 Ke7 34. Kc3 a5 35. Kb3 Rxc5 36. dxc5 Kd7 37. Kc3 Kc6 38. Kd4 h6 39. g3 a4 40. Kd3 Kxc5 41. Ke3 b4 42. axb4+ Kxb4 0-1

[Event "Hofheim Spring op 6th"]
[Site "Hofheim"]
[Date "2018.04.04"]
[Round "3"]
[White "Englert, Jon"]
[Black "Krueger, Till"]
[Result "1/2-1/2"]
[WhiteElo "2035"]
[BlackElo "1989"]
[PlyCount "95"]
[EventDate "2018.04.03"]
[EventType "swiss"]
[EventRounds "9"]
[EventCountry "GER"]
[SourceTitle "CBM 183 Extra"]
[Source "ChessBase"]
[SourceDate "2018.04.19"]
[SourceVersion "1"]
[SourceVersionDate "2018.04.19"]
[SourceQuality "1"]

1. d4 d6 2. c4 e5 3. dxe5 dxe5 4. Qxd8+ Kxd8 5. Nf3 f6 6. Nc3 c6 7. Bd2 Be6 8. e3 Nd7 9. 0-0-0 Kc7 10. Ne4 a5 11. Bc3 Nh6 12. h3 Nf7 13. Be2 Be7 14. h4 h5 15. Rd2 Nd6 16. Nxd6 Bxd6 17. Rhd1 Be7 18. b3 Nc5 19. Bf1 Ne4 20. Rc2 Nxc3 21. Rxc3 Bb4 22. Rcd3 e4 23. Nd4 exd3 24. Nxe6+ Kd6 25. Nxg7 d2+ 26. Kb2 Ke5 27. Bd3 Rad8 28. Bc2 Rhg8 29. f4+ Kd6 30. Nxh5 Rxg2 31. Nxf6 Ke6 32. Ne4 Re2 33. Ng5+ Ke7 34. e4 Rh8 35. Nf3 Rf2 36. Nd4 Kf7 37. Nf5 Rf3 38. e5 Bc3+ 39. Kb1 Rxf4 40. Nd6+ Ke6 41. Nxb7 Rfxh4 42. Nd6 Rh1 43. a3 Rxd1+ 44. Bxd1 Rh1 45. Kc2 Bxe5 46. Nb7 Bf4 47. Nxa5 Kd6 48. Nxc6 1/2-1/2

[Event "Hofheim Spring op 6th"]
[Site "Hofheim"]
[Date "2018.04.04"]
[Round "2"]
[White "Krueger, Till"]
[Black "Vijayalakshmi, Subbaraman"]
[Result "0-1"]
[WhiteElo "1989"]
[BlackElo "2345"]
[PlyCount "88"]
[EventDate "2018.04.03"]
[EventType "swiss"]
[EventRounds "9"]
[EventCountry "GER"]
[SourceTitle "CBM 183 Extra"]
[Source "ChessBase"]
[SourceDate "2018.04.19"]
[SourceVersion "1"]
[SourceVersionDate "2018.04.19"]
[SourceQuality "1"]

1. e4 c5 2. Nf3 Nc6 3. Bb5 g6 4. 0-0 Bg7 5. Re1 Nf6 6. c3 0-0 7. d4 Qb6 8. Bc4 d6 9. h3 cxd4 10. cxd4 Nd7 11. Nc3 Nxd4 12. Nxd4 Qxd4 13. Qe2 Ne5 14. Bb5 Qb6 15. Nd5 Qd8 16. Bg5 f6 17. Be3 Bd7 18. Rac1 Nc6 19. Red1 Re8 20. Bc4 e6 21. Nf4 Qe7 22. a3 Rac8 23. Qd2 Bf8 24. b4 a6 25. Rc3 Ne5 26. Bb3 Rxc3 27. Qxc3 Rc8 28. Qd4 g5 29. Nh5 Be8 30. Ng3 Bf7 31. f4 gxf4 32. Bxf4 Rc6 33. Nf1 Qc7 34. Qb2 Rc3 35. Be3 Rc6 36. Bd4 Bg7 37. Ne3 Kf8 38. Rf1 Ke7 39. Qd2 Qc8 40. Bb2 Bg6 41. Bc2 Qg8 42. Kh2 Bh6 43. Bb3 Bxe4 44. Nf5+ exf5 0-1

[Event "Frankfurt-chA"]
[Site "Frankfurt"]
[Date "2017.05.08"]
[Round "3"]
[White "Krueger, Till"]
[Black "Illenberger, Dirk"]
[Result "1/2-1/2"]
[WhiteElo "1935"]
[BlackElo "1737"]
[PlyCount "58"]
[EventDate "2017.04.24"]
[EventType "swiss"]
[EventRounds "7"]
[EventCountry "GER"]
[SourceTitle "EXT 2018"]
[Source "ChessBase"]
[SourceDate "2017.10.13"]
[SourceVersion "1"]
[SourceVersionDate "2017.10.13"]
[SourceQuality "1"]

1. e4 c5 2. Nf3 g6 3. d4 cxd4 4. Qxd4 Nf6 5. Nc3 Nc6 6. Qa4 d6 7. e5 Ng4 8. Bf4 Nxf2 9. Kxf2 Qb6+ 10. Be3 Qxb2 11. Bb5 Kd8 12. Bxc6 Qxc3 13. Bd4 Qxc6 14. Qxc6 bxc6 15. exd6 Rg8 16. dxe7+ Bxe7 17. Rad1 Be6 18. Be5+ Kc8 19. Nd4 Bc5 20. Kg3 Bxd4 21. Bxd4 Rd8 22. c3 Bxa2 23. Ra1 Be6 24. Rxa7 Rxa7 25. Bxa7 Rd2 26. Bf2 Kd7 27. Be3 Rc2 28. Rc1 Ra2 29. Rd1+ Ke7 1/2-1/2

[Event "Hofheim Spring op-A 5th"]
[Site "Hofheim"]
[Date "2017.04.09"]
[Round "5"]
[White "Henrich, David"]
[Black "Krueger, Till"]
[Result "1/2-1/2"]
[WhiteElo "2153"]
[BlackElo "1991"]
[PlyCount "61"]
[EventDate "2017.04.07"]
[EventType "swiss"]
[EventRounds "9"]
[EventCountry "GER"]
[SourceTitle "CBM 177 Extra"]
[Source "ChessBase"]
[SourceDate "2017.04.27"]
[SourceVersion "1"]
[SourceVersionDate "2017.04.27"]
[SourceQuality "1"]

1. Nf3 d6 2. g3 Nf6 3. Bg2 e5 4. d3 Be7 5. 0-0 0-0 6. c4 c6 7. Nc3 h6 8. c5 Qc7 9. cxd6 Bxd6 10. Nd2 Qe7 11. Nc4 Bc7 12. Qc2 Be6 13. b3 Na6 14. a3 Nd5 15. Bb2 Nc5 16. Nxd5 Bxd5 17. Bxd5 cxd5 18. Nxe5 Rac8 19. Nf3 Rfe8 20. Rfe1 Nd7 21. Qd1 Bd6 22. b4 Ne5 23. Nd4 Qd7 24. Qb3 Bb8 25. Rac1 Rcd8 26. Kg2 Ng4 27. Nf3 Qf5 28. Bd4 Re6 29. h3 Nf6 30. Bb2 Nh5 31. e3 1/2-1/2

[Event "Hofheim Spring op-A 5th"]
[Site "Hofheim"]
[Date "2017.04.09"]
[Round "4"]
[White "Krueger, Till"]
[Black "Greiner, Timo"]
[Result "1-0"]
[WhiteElo "1991"]
[BlackElo "2112"]
[PlyCount "79"]
[EventDate "2017.04.07"]
[EventType "swiss"]
[EventRounds "9"]
[EventCountry "GER"]
[SourceTitle "CBM 177 Extra"]
[Source "ChessBase"]
[SourceDate "2017.04.27"]
[SourceVersion "1"]
[SourceVersionDate "2017.04.27"]
[SourceQuality "1"]

1. e4 c5 2. Nf3 Nc6 3. Bb5 g6 4. Bxc6 dxc6 5. d3 Bg7 6. h3 e5 7. a4 a5 8. Be3 Qe7 9. Na3 Nf6 10. Nc4 Nd7 11. Qd2 b6 12. Qc3 Ba6 13. 0-0 Bxc4 14. Qxc4 Nf8 15. Qb3 Qc7 16. Nd2 Ne6 17. Nc4 Ra6 18. c3 0-0 19. Qc2 f5 20. exf5 gxf5 21. f3 Kh8 22. Rae1 Bf6 23. Bh6 Rg8 24. Ne3 Bh4 25. Re2 Qf7 26. d4 Rg6 27. Qxf5 Qxf5 28. Nxf5 exd4 29. Nxh4 Rxh6 30. cxd4 Rxh4 31. Rxe6 Rxd4 32. Rxc6 Rb4 33. Rc7 Rxa4 34. Re1 Ra8 35. Ree7 Rb4 36. Rxh7+ Kg8 37. h4 Rxb2 38. h5 Rb4 39. h6 a4 40. Rcg7+ 1-0

[Event "Hofheim Spring op-A 5th"]
[Site "Hofheim"]
[Date "2017.04.08"]
[Round "3"]
[White "Krueger, Till"]
[Black "Koellner, Ruben Gideon"]
[Result "1/2-1/2"]
[WhiteElo "1991"]
[BlackElo "2086"]
[PlyCount "121"]
[EventDate "2017.04.07"]
[EventType "swiss"]
[EventRounds "9"]
[EventCountry "GER"]
[SourceTitle "CBM 177 Extra"]
[Source "ChessBase"]
[SourceDate "2017.04.27"]
[SourceVersion "1"]
[SourceVersionDate "2017.04.27"]
[SourceQuality "1"]

1. e4 d6 2. d4 Nf6 3. Nc3 e5 4. Nf3 Nbd7 5. Bc4 Be7 6. 0-0 Nb6 7. Be2 exd4 8. Nxd4 0-0 9. a4 a5 10. Be3 d5 11. exd5 Nbxd5 12. Nxd5 Nxd5 13. Bd2 c6 14. c3 Bd6 15. Bg4 Qh4 16. h3 f5 17. Bf3 Nf6 18. Qb3+ Kh8 19. Ne6 Bxe6 20. Qxe6 Rad8 21. Qxf5 Bh2+ 22. Kxh2 Rxd2 23. Rad1 Rxb2 24. Rd4 Qh6 25. Qxa5 Rd2 26. Qc5 Rd8 27. Rxd8+ Rxd8 28. Qe7 Qf4+ 29. Kg1 Rb8 30. Qb4 Qe5 31. c4 h6 32. Re1 Qf4 33. Rb1 Nd7 34. Be2 Ne5 35. c5 Qxb4 36. Rxb4 Nd7 37. Bf3 Nxc5 38. Bxc6 Ra8 39. Bb5 Kg8 40. Rc4 b6 41. Rb4 Kf8 42. Bc6 Ra7 43. g3 Ke7 44. Bb5 Kf6 45. h4 Re7 46. Kg2 Re6 47. Rc4 Re5 48. Rf4+ Rf5 49. Rxf5+ Kxf5 50. f3 g5 51. hxg5 hxg5 52. Kf2 Ke5 53. Ke3 Ne6 54. Bd3 Nc5 55. Bc2 Ne6 56. Kd3 Nd4 57. Bd1 Nf5 58. Bc2 Nxg3 59. Kc4 Ne2 60. Bd1 Nd4 61. Kd3 1/2-1/2

[Event "Hofheim Spring op-A 5th"]
[Site "Hofheim"]
[Date "2017.04.07"]
[Round "1"]
[White "Krueger, Till"]
[Black "Poghosyan, Tigran"]
[Result "0-1"]
[WhiteElo "1991"]
[BlackElo "2170"]
[PlyCount "74"]
[EventDate "2017.04.07"]
[EventType "swiss"]
[EventRounds "9"]
[EventCountry "GER"]
[SourceTitle "CBM 177 Extra"]
[Source "ChessBase"]
[SourceDate "2017.04.27"]
[SourceVersion "1"]
[SourceVersionDate "2017.04.27"]
[SourceQuality "1"]

1. e4 c5 2. Nf3 d6 3. Bb5+ Nd7 4. 0-0 a6 5. Bd3 Ngf6 6. c3 e5 7. Re1 Be7 8. a4 0-0 9. Bc2 Re8 10. d4 Bf8 11. h3 b6 12. d5 Bb7 13. c4 g6 14. Nc3 Bg7 15. Be3 Rf8 16. Ne2 Nh5 17. Qd2 Qc7 18. Bh6 Nf4 19. Bxg7 Nxe2+ 20. Qxe2 Kxg7 21. Rf1 Nf6 22. g3 Bc8 23. Kg2 Nh5 24. Qe3 Qd7 25. Rh1 Rb8 26. Nd2 Qe7 27. Bd1 Nf6 28. Be2 Bd7 29. b3 b5 30. axb5 axb5 31. Ra7 bxc4 32. bxc4 Bxh3+ 33. Rxh3 Qxa7 34. Qh6+ Kg8 35. Nf3 Qa2 36. Ng5 Qxe2 37. Nxh7 Qxe4+ 0-1

[Event "Frankfurt-chA"]
[Site "Frankfurt"]
[Date "2016.05.30"]
[Round "5"]
[White "Heun, Andreas"]
[Black "Krueger, Till"]
[Result "0-1"]
[WhiteElo "1662"]
[BlackElo "1865"]
[PlyCount "86"]
[EventDate "2016.04.25"]
[EventType "swiss"]
[EventRounds "9"]
[EventCountry "GER"]
[SourceTitle "EXT 2018"]
[Source "ChessBase"]
[SourceDate "2017.10.13"]
[SourceVersion "1"]
[SourceVersionDate "2017.10.13"]
[SourceQuality "1"]

1. d4 Nf6 2. c4 g6 3. Nc3 Bg7 4. Bg5 d6 5. Qd2 Nbd7 6. e4 c5 7. 0-0-0 cxd4 8. Qxd4 Nc5 9. e5 Nh5 10. Nf3 Qa5 11. g4 dxe5 12. Qe3 Bxg4 13. Bxe7 Bxf3 14. Qxf3 Kxe7 15. Nd5+ Kf8 16. b4 e4 17. Qxf7+ Kxf7 18. bxa5 Nd3+ 19. Bxd3 exd3 20. Rxd3 Bh6+ 21. Kc2 Rac8 22. Rf3+ Kg7 23. Kd3 Rhf8 24. Rxf8 Kxf8 25. Rb1 Nf4+ 26. Nxf4 Bxf4 27. Rxb7 Rc7 28. Rxc7 Bxc7 29. h3 Bxa5 30. Ke4 Ke7 31. Kd5 Kd7 32. f3 Bc7 33. Kc5 Bd6+ 34. Kb5 Kc7 35. a4 Kb7 36. c5 a6+ 37. Kc4 Bf4 38. Kd5 g5 39. a5 h5 40. c6+ Kc7 41. Kc5 h4 42. Kd5 Bd6 43. Ke4 Kxc6 0-1

[Event "Rhein Main op-A 19th"]
[Site "Bad Homburg"]
[Date "2016.05.29"]
[Round "7"]
[White "Krueger, Till"]
[Black "Seidel, Juergen"]
[Result "1-0"]
[WhiteElo "1975"]
[BlackElo "2039"]
[PlyCount "63"]
[EventDate "2016.05.25"]
[EventType "swiss"]
[EventRounds "7"]
[EventCountry "GER"]
[SourceTitle "EXT 2017"]
[Source "ChessBase"]
[SourceDate "2016.10.25"]
[SourceVersion "1"]
[SourceVersionDate "2016.10.25"]
[SourceQuality "1"]

1. e4 d6 2. d4 Nf6 3. Nc3 e5 4. Nf3 Nbd7 5. Bc4 Be7 6. 0-0 0-0 7. Re1 c6 8. a4 b6 9. Ba2 a6 10. h3 Bb7 11. Be3 b5 12. axb5 cxb5 13. Qd3 Qc7 14. Rad1 Rac8 15. Rd2 exd4 16. Qxd4 Ne5 17. Bf4 Nxf3+ 18. gxf3 Rfd8 19. Nd5 Bxd5 20. Bxd5 Nh5 21. Bxf7+ Kxf7 22. Qd5+ Kf8 23. Qxh5 Bf6 24. Red1 g6 25. Qd5 Be5 26. Bh6+ Ke7 27. Bg5+ Bf6 28. h4 Qb6 29. c3 Bxg5 30. Qxg5+ Ke8 31. Qf6 Rc6 32. Rd5 1-0

[Event "Rhein Main op-A 19th"]
[Site "Bad Homburg"]
[Date "2016.05.28"]
[Round "6"]
[White "Rempe, Jonas"]
[Black "Krueger, Till"]
[Result "0-1"]
[WhiteElo "1245"]
[BlackElo "1975"]
[PlyCount "106"]
[EventDate "2016.05.25"]
[EventType "swiss"]
[EventRounds "7"]
[EventCountry "GER"]
[SourceTitle "EXT 2017"]
[Source "ChessBase"]
[SourceDate "2016.10.25"]
[SourceVersion "1"]
[SourceVersionDate "2016.10.25"]
[SourceQuality "1"]

1. e4 g6 2. d4 Bg7 3. Nc3 d6 4. f4 a6 5. Nf3 b5 6. Bd3 Nd7 7. e5 Nh6 8. Be4 Rb8 9. Ng5 e6 10. 0-0 0-0 11. h4 d5 12. Bd3 c5 13. dxc5 Nxc5 14. h5 Nxd3 15. Qxd3 Ng4 16. Qg3 gxh5 17. Qh3 Qb6+ 18. Kh1 Nf2+ 19. Rxf2 Qxf2 20. Qxh5 h6 21. Nf3 b4 22. Nd1 Qf1+ 23. Ng1 d4 24. Qg4 Bb7 25. Qg3 Qxd1 26. f5 Qh5+ 27. Nh3 Qxf5 28. Nf4 Rbc8 29. Bd2 Kh7 30. Rf1 Rg8 31. Qh4 Bxg2+ 32. Kxg2 Bf6+ 33. Qg3 Rxg3+ 34. Kxg3 Bxe5 35. Rf3 Rg8+ 36. Kf2 Bxf4 37. Rxf4 Qxc2 38. Rxd4 Qxb2 39. Rd3 Qxa2 40. Ke2 Rg2+ 41. Ke3 Rg3+ 42. Ke2 Rxd3 43. Kxd3 b3 44. Bc3 Qc2+ 45. Kd4 e5+ 46. Kc4 b2 47. Kb4 a5+ 48. Kc4 b1R 49. Kc5 Qxc3+ 50. Kd6 Qd4+ 51. Ke7 Kg7 52. Ke8 Rb8+ 53. Ke7 Qd8# 0-1

[Event "Frankfurt-chA"]
[Site "Frankfurt"]
[Date "2016.05.09"]
[Round "3"]
[White "Zerhusen, Martin"]
[Black "Krueger, Till"]
[Result "0-1"]
[WhiteElo "1684"]
[BlackElo "1865"]
[PlyCount "110"]
[EventDate "2016.04.25"]
[EventType "swiss"]
[EventRounds "9"]
[EventCountry "GER"]
[SourceTitle "EXT 2018"]
[Source "ChessBase"]
[SourceDate "2017.10.13"]
[SourceVersion "1"]
[SourceVersionDate "2017.10.13"]
[SourceQuality "1"]

1. d4 Nf6 2. c4 g6 3. Nc3 Bg7 4. Nf3 0-0 5. g3 d6 6. Bg2 Nc6 7. 0-0 a6 8. Re1 Rb8 9. e3 e5 10. dxe5 dxe5 11. Qxd8 Rxd8 12. a3 Be6 13. Nd2 Na5 14. Bf1 Rd7 15. b4 Nc6 16. Nde4 Nxe4 17. Nxe4 b6 18. Bb2 h6 19. Be2 f5 20. Nc3 Rd2 21. Rab1 e4 22. Nd1 Ne5 23. Kf1 Rxe2 24. Rxe2 Bxc4 25. Bxe5 Bxe5 26. Rc1 Bxe2+ 27. Kxe2 Rd8 28. Rc6 Kf7 29. a4 Rd3 30. a5 bxa5 31. bxa5 Ra3 32. Rxa6 Ra2+ 33. Ke1 Bd6 34. Rc6 Rxa5 35. Nc3 Rc5 36. Rxc5 Bxc5 37. Ke2 Ke6 38. f3 Ke5 39. h3 c6 40. g4 Be7 41. Kf2 c5 42. Ke2 c4 43. gxf5 gxf5 44. f4+ Ke6 45. Nb5 Bf6 46. Kd2 Kd5 47. Nc7+ Kc6 48. Na6 Bd8 49. Nb4+ Kc5 50. Nc2 Bf6 51. Ne1 c3+ 52. Kc2 Kc4 53. Ng2 Be7 54. Ne1 Bh4 55. Ng2 Bf2 0-1

[Event "Main Vogelsberg op 10th"]
[Site "Hanau"]
[Date "2015.05.22"]
[Round "1"]
[White "Krueger, Till"]
[Black "Spahn, Tobias"]
[Result "1-0"]
[WhiteElo "1849"]
[BlackElo "1523"]
[PlyCount "53"]
[EventDate "2015.05.22"]
[EventType "swiss"]
[EventRounds "7"]
[EventCountry "GER"]
[SourceTitle "EXT 2016"]
[Source "ChessBase"]
[SourceDate "2015.10.08"]
[SourceVersion "1"]
[SourceVersionDate "2015.10.08"]
[SourceQuality "1"]

1. e4 d5 2. exd5 Qxd5 3. Nc3 Qd6 4. d4 Nf6 5. Nf3 a6 6. Be2 Bg4 7. h3 Bxf3 8. Bxf3 c6 9. 0-0 e6 10. g3 Qc7 11. Re1 Be7 12. Bf4 Qd8 13. Ne2 0-0 14. c4 Qd7 15. Qc2 Rd8 16. Rad1 h6 17. Nc3 Qc8 18. a4 Bd6 19. Be5 Bxe5 20. dxe5 Nfd7 21. Rd6 Qc7 22. Red1 Kf8 23. Qe4 g6 24. Qh4 h5 25. Qf4 Ke7 26. Ne4 a5 27. Ng5 1-0

[Event "Frankfurt-chA"]
[Site "Frankfurt"]
[Date "2015.05.04"]
[Round "2"]
[White "Krueger, Till"]
[Black "Fucik, Timo"]
[Result "0-1"]
[WhiteElo "1856"]
[BlackElo "2023"]
[PlyCount "116"]
[EventDate "2015.04.27"]
[EventType "swiss"]
[EventRounds "7"]
[EventCountry "GER"]
[SourceTitle "EXT 2016"]
[Source "ChessBase"]
[SourceDate "2015.10.08"]
[SourceVersion "1"]
[SourceVersionDate "2015.10.08"]
[SourceQuality "1"]

1. e4 c5 2. Nf3 d6 3. Bb5+ Bd7 4. Bxd7+ Qxd7 5. c4 Nc6 6. d4 cxd4 7. Nxd4 g6 8. b3 Bg7 9. Bb2 Nf6 10. Nc3 0-0 11. 0-0 e6 12. Qd2 Rfd8 13. f3 d5 14. Nxc6 bxc6 15. cxd5 cxd5 16. exd5 Qb7 17. Rfd1 Nxd5 18. Ne4 Qb6+ 19. Bd4 Bxd4+ 20. Qxd4 Nb4 21. Qxb6 axb6 22. a4 Kf8 23. Rd6 Rxd6 24. Nxd6 Ke7 25. Nb5 Rd8 26. Rc1 Rd3 27. Rc3 Rxc3 28. Nxc3 Kd6 29. Kf2 Kc5 30. Ne4+ Kd4 31. Ke2 f5 32. Nd6 Kc3 33. Nc4 Nd5 34. Nd2 Nf4+ 35. Kd1 Nxg2 36. Nc4 Kxb3 37. Nxb6 Kb4 38. Nd7 Kxa4 39. Nc5+ Kb4 40. Nxe6 h6 41. Ke2 Kc4 42. Kf2 Kd5 43. Nc7+ Kd6 44. Nb5+ Kc5 45. Nc3 Nf4 46. Nd1 Kd4 47. Kg3 Nh5+ 48. Kf2 Nf4 49. Kg3 Nd3 50. h3 Ke5 51. Nc3 f4+ 52. Kg2 Kd4 53. Ne4 Ke3 54. Nf6 Ne1+ 55. Kf1 Nxf3 56. Ng4+ Ke4 57. Nxh6 Ng5 58. Kg2 f3+ 0-1